000
00295nam a22001217a 4500
008
180123b xxu||||| |||| 00| 0 eng d
041
_a
eng
080
_a
34
100
_a
14
101
_a
JUR
245
_a
STRATEGJIA KOMBËTARE PËR TË DREJTAT PRONËSORE NË KOSOVË
_c
USAID
942
_2
udc
_c
BK
999
_c
40782
_d
40782